Normal view
MARC view
- بقلم آل نصر، محمد بن موسى
Entry Personal Name
001 - CONTROL NUMBER
- control field: 20560
003 - CONTROL NUMBER IDENTIFIER
- control field: JO-AjAnu
005 - DATE AND TIME OF LATEST TRANSACTION
- control field: 20230606073556.0
008 - FIXED-LENGTH DATA ELEMENTS
- fixed length control field: 230606|| aca||aabn | a|a d
040 ## - CATALOGING SOURCE
- Original cataloging agency: JO-AjAnu
- Transcribing agency: JO-AjAnu
100 ## - HEADING--PERSONAL NAME
- Personal name: بقلم آل نصر، محمد بن موسى
670 ## - SOURCE DATA FOUND
- Source citation: Work cat.: (JO-AjAnu)10557: بقلم آل نصر، محمد بن موسى, author, الأخطاء الواقعة في قرآة سورة الفاتحة من المصلين وأئمة المساجد والقارئين نحوا من مائتي خطأ يقع فيها